003820000a2200121000450000500170000000800410001708200150005824500630007326000260013630000100016244000570017265000310022920240113154211.0230817t1999 ||||| |||| 00| 0 eng d a323.1bREP aReport of the Workshop on Minority Protection in Sri Lanka aColombo:bICES,c1999 a12 p. aMinority Protection in South Asia Workshop reportv1 aMINORTITY RIGHTS-Sri Lanka